000 00249nam a2200097 a 4500
005 20201002045125.0
008 140514s1934 000 spa d
245 0 _aManuel des Études Grecques et Latines.
260 _aParís,
_c1934.
999 _c43548
_d43548
040 _aDO-SdBNP